000 00934nam a22002177a 4500
005 20231031113440.0
008 220618b ||||| |||| 00| 0 eng d
040 _cAloy
041 _aTulu
082 _223
_aT928
_bKARV
100 _aKarnatakaTulu Sahitya Akademi: ಕರ್ನಾಟಕ ತುಳು ಸಾಹಿತ್ಯ ಅಕಾಡೆಮಿ
_9140190
245 _aVishukumar: ವಿಶುಕುಮಾರ್
260 _aMangaluru:
_bKarnataka Tulu Sahitya Akademi,
_c1999
300 _a47p.
_bPB
_c21x14cm.
365 _2Biography
440 _aMadappiyeravandi tuluver: ಮದೆಪ್ಪಿಯೆರಾವಂದಿ ತುಳುವೆರ್;13
_943989
650 _aBiography
_943977
700 _aKARNATAKA TULU SAHITYA AKADEMI: ಕರ್ನಾಟಕ ತುಳು ಸಾಹಿತ್ಯ ಅಕಾಡೆಮಿ
_943978
700 _aKULAL (B Madhava): ಕುಲಾಲ್ (ಬಿ ಮಾಧವ)
_943987
942 _2ddc
_cGF
999 _c223421
_d223421